[Event "British Chess Championships 2023: Major Open"]
[Site "The Venue, De Montfort University, 20 Western Boulevard, Leicester, LE2 7BU"]
[Date "2023.07.25"]
[Round "4"]
[Board "25"]
[White "Kothari, Jai"]
[Black "Young, Daniel J"]
[Result "1/2-1/2"]
[WhiteElo "1782"]
[BlackElo "1913"]
[PlyCount "84"]
[EventDate "2023.07.22"]
[EventRounds "9"]
[EventCountry "ENG"]

1. e4 c5 2. Nf3 d6 3. Bb5+ Bd7 4. Bxd7+ Qxd7 5. c4 Nf6 6. Nc3 g6 7. d4 cxd4 8.
Nxd4 Bg7 9. f3 O-O 10. O-O Rc8 11. b3 d5 12. e5 Ne8 13. Nxd5 e6 14. Nc3 Bxe5
15. Be3 Rd8 16. Nce2 Nc6 17. Nxc6 Qxc6 18. Qb1 Qd6 19. Rd1 Bxh2+ 20. Kf2 Qxd1
21. Qxd1 Rxd1 22. Rxd1 Be5 23. Rd7 b6 24. Bd4 Nf6 25. Rb7 Bxd4+ 26. Nxd4 Rd8
27. Ke3 Rd7 28. Rxd7 Nxd7 29. b4 Kg7 30. Nb5 a5 31. bxa5 bxa5 32. Kd4 Kf6 33.
c5 Ke7 34. Nc3 Nb8 35. Kc4 Kd7 36. Kb5 Nc6 37. Kb6 f5 38. a4 g5 39. g4 Nd4 40.
Kb7 Nc6 41. Kb6 Nd4 42. Kb7 Nc6  1/2-1/2

[Event "British Chess Championships 2023: Major Open"]
[Site "The Venue, De Montfort University, 20 Western Boulevard, Leicester, LE2 7BU"]
[Date "2023.07.25"]
[Round "4"]
[Board "26"]
[White "Rice, Chris B"]
[Black "Pilley, Jack"]
[Result "1/2-1/2"]
[WhiteElo "1892"]
[BlackElo "1785"]
[PlyCount "58"]
[EventDate "2023.07.22"]
[EventRounds "9"]
[EventCountry "ENG"]

1. d4 Nf6 2. Nf3 e6 3. e3 b6 4. Bd3 Bb7 5. O-O d5 6. b3 Be7 7. Bb2 O-O 8. Nbd2
c5 9. c4 Nbd7 10. Qe2 Rc8 11. Rac1 Qc7 12. h3 Rfd8 13. Ne5 Nxe5 14. dxe5 Nd7
15. f4 f5 16. exf6 Bxf6 17. Bxf6 Nxf6 18. e4 dxe4 19. Nxe4 Bxe4 20. Bxe4 Rd4
21. Bb1 Qd6 22. Rce1 Re8 23. Qe5 Qc6 24. Rf2 Qd6 25. Qxd6 Rxd6 26. g3 Red8 27.
Rfe2 Rd2 28. Kf2 Kf7 29. Bc2 g6  1/2-1/2

[Event "British Chess Championships 2023: Major Open"]
[Site "The Venue, De Montfort University, 20 Western Boulevard, Leicester, LE2 7BU"]
[Date "2023.07.25"]
[Round "4"]
[Board "27"]
[White "Burton, Sean"]
[Black "Pink, Joshua"]
[Result "0-1"]
[WhiteElo "1715"]
[BlackElo "1890"]
[PlyCount "58"]
[EventDate "2023.07.22"]
[EventRounds "9"]
[EventCountry "ENG"]

1. e4 e5 2. Nf3 f5 3. Nxe5 Qf6 4. d4 d6 5. Nc4 fxe4 6. Nc3 Qg6 7. Nd5 Qf7 8.
Nc3 Nf6 9. f3 Be6 10. Ne3 exf3 11. Qxf3 d5 12. Bd3 Nc6 13. Ne2 Bd6 14. O-O
O-O-O 15. c3 Rhf8 16. Nf4 Ne4 17. Nxe6 Qxe6 18. Qg4 Rxf1+ 19. Bxf1 Qxg4 20.
Nxg4 Rf8 21. Be3 h5 22. Ne5 Nxe5 23. dxe5 Bxe5 24. Bxa7 b6 25. Ba6+ Kd7 26. Bb7
c6 27. Rf1 Rxf1+ 28. Kxf1 Kc7 29. Ba8 Nd6  0-1

[Event "British Chess Championships 2023: Major Open"]
[Site "The Venue, De Montfort University, 20 Western Boulevard, Leicester, LE2 7BU"]
[Date "2023.07.25"]
[Round "4"]
[Board "28"]
[White "Foster, Timothy"]
[Black "Chantrell, Paul"]
[Result "1-0"]
[WhiteElo "1874"]
[BlackElo "1576"]
[PlyCount "91"]
[EventDate "2023.07.22"]
[EventRounds "9"]
[EventCountry "ENG"]

1. Nf3 Nf6 2. c4 g6 3. b3 Bg7 4. Bb2 O-O 5. g3 d6 6. d4 c6 7. Bg2 e6 8. Nbd2 d5
9. O-O Re8 10. Qc2 Nbd7 11. e4 dxe4 12. Nxe4 Nxe4 13. Qxe4 Nf6 14. Qc2 Qc7 15.
Rad1 b6 16. Ne5 Bb7 17. Rfe1 Nd7 18. Ng4 Nf6 19. Nxf6+ Bxf6 20. d5 Bxb2 21. d6
Qd7 22. Qxb2 c5 23. Bxb7 Qxb7 24. Qf6 Rad8 25. h4 h5 26. Rd3 Rd7 27. g4 Kh7 28.
Re5 Rg8 29. gxh5 Qb8 30. Rg5 Qd8 31. hxg6+ Rxg6 32. Rxg6 fxg6 33. Qxe6 Kh6 34.
Rd5 a6 35. h5 Rg7 36. d7 Kh7 37. Qe8 Qh4 38. hxg6+ Rxg6+ 39. Qxg6+ Kxg6 40.
d8=Q Qg4+ 41. Kf1 Qh3+ 42. Ke1 Qh1+ 43. Kd2 Qh6+ 44. Kc2 Qh7 45. Qd7 Qh2 46.
Qe6+  1-0

[Event "British Chess Championships 2023: Major Open"]
[Site "The Venue, De Montfort University, 20 Western Boulevard, Leicester, LE2 7BU"]
[Date "2023.07.25"]
[Round "4"]
[Board "29"]
[White "Garnett, John S"]
[Black "Graham, Danny"]
[Result "1-0"]
[WhiteElo "1831"]
[BlackElo "1715"]
[PlyCount "85"]
[EventDate "2023.07.22"]
[EventRounds "9"]
[EventCountry "ENG"]

1. d4 f5 2. g3 Nf6 3. Bg2 e6 4. c4 Be7 5. Nc3 O-O 6. d5 e5 7. e4 d6 8. Nge2 Qe8
9. Bg5 fxe4 10. Bxf6 Bxf6 11. Nxe4 Be7 12. O-O Nd7 13. f4 Bf6 14. Nxf6+ Nxf6
15. fxe5 Qxe5 16. Nc3 Bg4 17. Qd2 a6 18. Rae1 Qh5 19. Re7 Rf7 20. Rxf7 Kxf7 21.
Ne4 Re8 22. Nxf6 gxf6 23. Qd4 Qe5 24. Qxg4 Qxb2 25. Qh5+ Kf8 26. Qh6+ Kg8 27.
Qxf6 Qxf6 28. Rxf6 Re2 29. Rf2 Re1+ 30. Bf1 Kg7 31. Re2 Rxe2 32. Bxe2 Kf6 33.
Kf2 c6 34. dxc6 bxc6 35. Ke3 Ke5 36. g4 h6 37. h4 a5 38. Bd3 a4 39. a3 d5 40.
cxd5 cxd5 41. g5 hxg5 42. hxg5 Ke6 43. Kd4  1-0

[Event "British Chess Championships 2023: Major Open"]
[Site "The Venue, De Montfort University, 20 Western Boulevard, Leicester, LE2 7BU"]
[Date "2023.07.25"]
[Round "4"]
[Board "30"]
[White "Howell, Oliver W"]
[Black "Pang, Ethan"]
[Result "1-0"]
[WhiteElo "1799"]
[BlackElo "1553"]
[PlyCount "99"]
[EventDate "2023.07.22"]
[EventRounds "9"]
[EventCountry "ENG"]

1. d4 d5 2. Nf3 Bf5 3. Bg5 Nf6 4. e3 e6 5. Bd3 Bxd3 6. Qxd3 c6 7. Nbd2 Be7 8.
Ne5 Nbd7 9. f4 Nxe5 10. dxe5 Nd7 11. Bxe7 Qxe7 12. O-O O-O 13. Rf3 f6 14. Rh3
f5 15. g4 Nc5 16. Qe2 Ne4 17. Nxe4 dxe4 18. Kh1 Rad8 19. gxf5 exf5 20. Qh5 g6
21. Rg1 Qg7 22. Rhg3 Rf7 23. Qg5 Re8 24. h4 Rd7 25. h5 Re6 26. hxg6 hxg6 27.
Rh3 Kf7 28. Rh6 Rd2 29. Qxf5+ gxf5 30. Rxg7+ Kxg7 31. Rxe6 Rxc2 32. Rf6 Rxb2
33. Rxf5 Rb5 34. Kg2 Rd5 35. Kg3 c5 36. Kg4 c4 37. Rg5+ Kf7 38. Kf5 c3 39. Rg1
c2 40. Rc1 Rd2 41. Kxe4 b5 42. Kf3 a5 43. e4 Rd3+ 44. Ke2 Ra3 45. Rxc2 b4 46.
f5 a4 47. e6+ Kf6 48. e5+ Ke7 49. Rc7+ Ke8 50. f6  1-0

[Event "British Chess Championships 2023: Major Open"]
[Site "The Venue, De Montfort University, 20 Western Boulevard, Leicester, LE2 7BU"]
[Date "2023.07.25"]
[Round "4"]
[Board "31"]
[White "Gamage Ranasinghe, Yuman Ranjula"]
[Black "Bedi, Adam"]
[Result "0-1"]
[WhiteElo "1100"]
[BlackElo "1791"]
[PlyCount "77"]
[EventDate "2023.07.22"]
[EventRounds "9"]
[EventCountry "ENG"]

1. e4 c5 2. Nf3 e6 3. Bd3 Nc6 4. c3 d5 5. e5 Nge7 6. O-O a6 7. Bc2 d4 8. d3 Ng6
9. Re1 Be7 10. Nbd2 O-O 11. Nf1 b5 12. Ng3 Bb7 13. Bd2 Qd5 14. c4 bxc4 15. dxc4
Qxc4 16. Bb3 Qb5 17. Rc1 Rac8 18. Nh5 Nb4 19. Bc4 Qb6 20. a3 Nd5 21. Rc2 Rfd8
22. Qc1 Re8 23. Bxd5 Bxd5 24. Bh6 Bf8 25. Nf6+ gxf6 26. exf6 Qd8 27. Qg5 Bxf3
28. Bxf8 Rxf8 29. gxf3 Kh8 30. h4 Rg8 31. Kh1 Qd5 32. Qg4 Ne5 33. Qh5 Qxf3+ 34.
Qxf3 Nxf3 35. Rec1 h5 36. b4 c4 37. a4 d3 38. Rb2 c3 39. Rbb1  0-1

[Event "British Chess Championships 2023: Major Open"]
[Site "The Venue, De Montfort University, 20 Western Boulevard, Leicester, LE2 7BU"]
[Date "2023.07.25"]
[Round "4"]
[Board "32"]
[White "Larkin, Benjamin"]
[Black "Davis, Timothy J"]
[Result "1-0"]
[WhiteElo "1850"]
[BlackElo "1737"]
[PlyCount "49"]
[EventDate "2023.07.22"]
[EventRounds "9"]
[EventCountry "ENG"]

1. e4 c5 2. Nf3 d6 3. d4 cxd4 4. Qxd4 Nc6 5. Bb5 Bd7 6. Bxc6 Bxc6 7. Nc3 Nf6 8.
Bg5 e6 9. O-O-O Be7 10. Qd3 O-O 11. Nd4 a6 12. f4 d5 13. e5 Nd7 14. Bxe7 Qxe7
15. Rhe1 Rac8 16. Kb1 b5 17. g4 Nc5 18. Qe3 b4 19. Nce2 a5 20. f5 Ne4 21. Ng3
exf5 22. Ngxf5 Qxe5 23. Nxc6 Rxc6 24. Rxd5 Qb8 25. Ne7+  1-0

[Event "British Chess Championships 2023: Major Open"]
[Site "The Venue, De Montfort University, 20 Western Boulevard, Leicester, LE2 7BU"]
[Date "2023.07.25"]
[Round "4"]
[Board "33"]
[White "Sheikh, Anum"]
[Black "Bellano, Harry"]
[Result "1-0"]
[WhiteElo "1744"]
[BlackElo "1470"]
[PlyCount "121"]
[EventDate "2023.07.22"]
[EventRounds "9"]
[EventCountry "ENG"]

1. e4 e5 2. Nf3 Nc6 3. d4 exd4 4. Nxd4 Nf6 5. Nxc6 bxc6 6. Bd3 Bc5 7. O-O O-O
8. Bg5 h6 9. Bh4 d6 10. Nd2 Re8 11. Re1 Rb8 12. Nb3 Bb6 13. c3 a5 14. Qc2 g5
15. Bg3 Nh5 16. Nd4 Nxg3 17. Nxc6 Qf6 18. Nxb8 Nh5 19. Bb5 Re5 20. Nd7 Bxd7 21.
Bxd7 Qe7 22. Bf5 d5 23. Kf1 Ng7 24. Rad1 Qd6 25. Rxd5 Rxd5 26. exd5 Qxd5 27.
Bh7+ Kh8 28. c4 Qc5 29. Bd3 Ne6 30. Qc3+ Kg8 31. Re2 Kf8 32. Qh8+ Ke7 33. Qxh6
Kd7 34. Qf6 Kc8 35. Qxf7 Nf4 36. Qf5+ Kb8 37. Qxc5 Bxc5 38. Re8+ Ka7 39. Be4 g4
40. Rg8 Nh5 41. Rxg4 Nf6 42. Rf4 Ne8 43. h4 Nd6 44. Bd5 Kb6 45. h5 c6 46. Be6
Bb4 47. h6 Bd2 48. Rd4 Bxh6 49. Rxd6 Bf4 50. Rd3 Kc5 51. g3 Bh6 52. f4 Bg7 53.
g4 Bxb2 54. g5 a4 55. f5 a3 56. f6 Bxf6 57. gxf6 Kb4 58. f7 Ka4 59. Rb3 Ka5 60.
f8=R Ka6 61. Ra8#  1-0

[Event "British Chess Championships 2023: Major Open"]
[Site "The Venue, De Montfort University, 20 Western Boulevard, Leicester, LE2 7BU"]
[Date "2023.07.25"]
[Round "4"]
[Board "34"]
[White "Laronde-Bennett, Sebastian"]
[Black "Sinclair, Colin"]
[Result "0-1"]
[WhiteElo "1613"]
[BlackElo "1652"]
[PlyCount "96"]
[EventDate "2023.07.22"]
[EventRounds "9"]
[EventCountry "ENG"]

1. d4 g6 2. Bf4 d6 3. e3 Bg7 4. Nf3 e6 5. Bd3 Ne7 6. Nbd2 a6 7. c3 h6 8. Qc2
Nd7 9. g4 e5 10. Bg3 exd4 11. exd4 Nf6 12. h3 b5 13. O-O-O Bb7 14. Rhe1 O-O 15.
Bh4 Qd7 16. g5 hxg5 17. Bxg5 Rae8 18. h4 Nh5 19. Bxe7 Rxe7 20. Ng5 Nf4 21. h5
Rfe8 22. hxg6 f6 23. Rxe7 Nxd3+ 24. Qxd3 Rxe7 25. Nf7 Qg4 26. f3 Qf4 27. Rh1
Re3 28. Qf1 Rxf3 29. Qe1 Re3 30. Qh4 Qxh4 31. Rxh4 Rg3 32. Nh6+ Kf8 33. Rg4
Rxg4 34. Nxg4 f5 35. Ne3 f4 36. Nf5 Bc8 37. Nh4 Bf6 38. Nhf3 Bg4 39. Kc2 Kg7
40. Kb3 Be6+ 41. Ka3 a5 42. b3 Kxg6 43. c4 c6 44. d5 Bd7 45. Ne4 b4+ 46. Ka4
cxd5+ 47. Kxa5 dxe4 48. Kxb4 exf3  0-1

[Event "British Chess Championships 2023: Major Open"]
[Site "The Venue, De Montfort University, 20 Western Boulevard, Leicester, LE2 7BU"]
[Date "2023.07.26"]
[Round "5"]
[Board "1"]
[White "Verma, Shlok"]
[Black "Rathbone-Jones, Ifan"]
[Result "1-0"]
[WhiteElo "2000"]
[BlackElo "1925"]
[PlyCount "0"]
[EventDate "2023.07.22"]
[EventRounds "9"]
[EventCountry "ENG"]

1. d4 {[%clk 1:30:57]} d6 {[%clk 1:29:18]} 2. c4 {[%clk 1:31:21]} e5 {[%clk
1:29:42]} 3. d5 {[%clk 1:29:32]} g6 {[%clk 1:27:53]} 4. Nc3 {[%clk 1:29:42]} Bg7
{[%clk 1:28:05]} 5. e4 {[%clk 1:29:38]} Nd7 {[%clk 1:26:03]} 6. Nge2 {[%clk
1:29:50]} a5 {[%clk 1:26:10]} 7. Ng3 {[%clk 1:30:12]} h5 {[%clk 1:26:00]} 8. Be2
{[%clk 1:30:25]} Nc5 {[%clk 1:16:15]} 9. Be3 {[%clk 1:29:51]} b6 {[%clk 1:16:36]}
10. Qd2 {[%clk 1:29:04]} Bh6 {[%clk 1:13:33]} 11. h4 {[%clk 1:27:33]} Bxe3 {[%clk
1:13:08]} 12. Qxe3 {[%clk 1:27:26]} Nh6 {[%clk 1:07:23]} 13. f3 {[%clk 1:26:03]}
a4 {[%clk 1:04:21]} 14. O-O-O {[%clk 1:25:06]} Bd7 {[%clk 1:00:40]} 15. Rdg1
{[%clk 1:23:40]} Qb8 {[%clk 0:56:53]} 16. Kb1 {[%clk 1:22:09]} Qa7 {[%clk
0:53:10]} 17. Nf1 {[%clk 1:17:03]} Qa5 {[%clk 0:44:33]} 18. g4 {[%clk 1:08:08]}
a3 {[%clk 0:40:23]} 19. b3 {[%clk 1:04:08]} Qb4 {[%clk 0:38:17]} 20. Kc2 {[%clk
1:00:06]} hxg4 {[%clk 0:32:52]} 21. fxg4 {[%clk 0:59:51]} f5 {[%clk 0:29:03]} 22.
Nd2 {[%clk 0:44:44]} f4 {[%clk 0:26:08]} 23. Qf3 {[%clk 0:44:46]} O-O-O {[%clk
0:24:05]} 24. g5 {[%clk 0:44:38]} Ng8 {[%clk 0:24:19]} 25. h5 {[%clk 0:44:29]}
Ne7 {[%clk 0:24:41]} 26. hxg6 {[%clk 0:42:05]} Nxg6 {[%clk 0:24:21]} 27. Rh6
{[%clk 0:31:12]} Na6 {[%clk 0:22:35]} 28. Qf2 {[%clk 0:23:54]} Ne7 {[%clk
0:18:56]} 29. Bg4 {[%clk 0:23:03]} Bxg4 {[%clk 0:16:43]} 30. Rxg4 {[%clk
0:23:28]} Qc5 {[%clk 0:15:38]} 31. Qxc5 {[%clk 0:13:04]} Nxc5 {[%clk 0:16:07]}
32. b4 {[%clk 0:12:06]} Nd7 {[%clk 0:16:13]} 33. Rgh4 {[%clk 0:12:12]} Rxh6
{[%clk 0:09:56]} 34. Rxh6 {[%clk 0:12:36]} f3 {[%clk 0:10:23]} 35. Nxf3 {[%clk
0:12:29]} Rf8 {[%clk 0:10:44]} 36. Nh4 {[%clk 0:11:09]} Rg8 {[%clk 0:09:27]} 37.
Rh5 {[%clk 0:09:57]} Nf8 {[%clk 0:06:55]} 38. Kb3 {[%clk 0:08:27]} Nfg6 {[%clk
0:07:17]} 39. Nxg6 {[%clk 0:06:23]} Nxg6 {[%clk 0:07:45]} 40. Rh7 {[%clk
0:06:29]} Kd8 {[%clk 0:05:13]} 41. Nb5 {[%clk 0:04:59]} Ne7 {[%clk 0:00:40]} 42.
Nxc7 {[%clk 0:05:02]} Kxc7 {[%clk 0:01:05]} 43. Rxe7+ {[%clk 0:05:27]} Kc8 {[%clk
0:01:14]} 44. Re6 {[%clk 0:05:44]} Rxg5 {[%clk 0:01:12]} 45. Rxd6 {[%clk
0:06:08]} Rg4 {[%clk 0:01:38]} 46. Rxb6 {[%clk 0:06:25]} Rxe4 {[%clk 0:02:03]}
47. Kxa3 {[%clk 0:06:41]} Kc7 {[%clk 0:28:41]} 48. Rc6+ {[%clk 0:36:58]} Kb7
{[%clk 0:29:06]} 49. Ka4 {[%clk 0:37:14]} Re2 {[%clk 0:29:19]} 50. a3 {[%clk
0:37:37]} e4 {[%clk 0:29:23]} 51. Kb5 {[%clk 0:37:56]}  1-0

[Event "British Chess Championships 2023: Major Open"]
[Site "The Venue, De Montfort University, 20 Western Boulevard, Leicester, LE2 7BU"]
[Date "2023.07.26"]
[Round "5"]
[Board "2"]
[White "Dilley, Jason M"]
[Black "Lewis, Andrew P"]
[Result "0-1"]
[WhiteElo "2034"]
[BlackElo "2235"]
[PlyCount "0"]
[EventDate "2023.07.22"]
[EventRounds "9"]
[EventCountry "ENG"]

1. d4 {[%clk 1:30:58]} Nf6 {[%clk 1:30:42]} 2. c4 {[%clk 1:31:11]} c5 {[%clk
1:30:46]} 3. d5 {[%clk 1:31:13]} b5 {[%clk 1:31:07]} 4. a4 {[%clk 1:30:41]} Qa5+
{[%clk 1:30:33]} 5. Bd2 {[%clk 1:31:00]} b4 {[%clk 1:30:42]} 6. Qc2 {[%clk
1:30:41]} d6 {[%clk 1:27:48]} 7. e4 {[%clk 1:29:29]} g6 {[%clk 1:27:25]} 8. h3
{[%clk 1:28:26]} Bg7 {[%clk 1:27:15]} 9. Bd3 {[%clk 1:27:56]} O-O {[%clk
1:27:05]} 10. Ne2 {[%clk 1:22:22]} Nbd7 {[%clk 1:16:18]} 11. f4 {[%clk 1:21:48]}
e6 {[%clk 1:15:23]} 12. O-O {[%clk 1:20:08]} exd5 {[%clk 1:08:53]} 13. exd5
{[%clk 1:20:08]} Qd8 {[%clk 1:09:09]} 14. Be3 {[%clk 1:16:32]} Re8 {[%clk
0:54:32]} 15. Bf2 {[%clk 1:14:09]} b3 {[%clk 0:54:52]} 16. Qd1 {[%clk 0:53:25]}
Ne4 {[%clk 0:50:13]} 17. Nd2 {[%clk 0:43:45]} Nxf2 {[%clk 0:44:21]} 18. Rxf2
{[%clk 0:44:08]} Rb8 {[%clk 0:44:35]} 19. Ra3 {[%clk 0:37:01]} Qa5 {[%clk
0:23:27]} 20. Rxb3 {[%clk 0:27:22]} Rxb3 {[%clk 0:22:20]} 21. Nxb3 {[%clk
0:27:28]} Qxa4 {[%clk 0:22:17]} 22. Qc2 {[%clk 0:25:53]} Qb4 {[%clk 0:16:19]} 23.
Rf1 {[%clk 0:25:18]} f5 {[%clk 0:14:48]} 24. Ra1 {[%clk 0:19:43]} a6 {[%clk
0:14:53]} 25. Rb1 {[%clk 0:19:10]} Nb6 {[%clk 0:12:20]} 26. Nd2 {[%clk 0:18:54]}
a5 {[%clk 0:10:47]} 27. b3 {[%clk 0:18:44]} Na8 {[%clk 0:10:57]} 28. Kf2 {[%clk
0:13:10]} Nc7 {[%clk 0:11:08]} 29. Nf3 {[%clk 0:11:49]} Bd7 {[%clk 0:10:47]} 30.
Rg1 {[%clk 0:10:28]} Rb8 {[%clk 0:10:21]} 31. Rb1 {[%clk 0:09:17]} Na6 {[%clk
0:09:44]} 32. Nc1 {[%clk 0:06:38]} Qb6 {[%clk 0:08:59]} 33. Na2 {[%clk 0:03:56]}
Nb4 {[%clk 0:08:58]} 34. Nxb4 {[%clk 0:04:08]} cxb4+ {[%clk 0:08:48]} 35. Kg3
{[%clk 0:03:41]} Bc3 {[%clk 0:05:31]} 36. Qf2 {[%clk 0:03:36]} a4 {[%clk
0:02:44]} 37. Qxb6 {[%clk 0:03:26]} Rxb6 {[%clk 0:03:10]} 38. bxa4 {[%clk
0:03:50]} Bxa4 {[%clk 0:03:05]} 39. Ng1 {[%clk 0:03:35]} b3 {[%clk 0:02:34]} 40.
Ne2 {[%clk 0:03:47]} Bf6 {[%clk 0:01:54]} 41. Kf2 {[%clk 0:29:03]} b2 {[%clk
0:31:13]} 42. Ke3 {[%clk 0:26:25]} Bb3 {[%clk 0:28:31]} 43. Rf1 {[%clk 0:26:15]}
Ba2 {[%clk 0:24:51]} 44. Bb1 {[%clk 0:24:12]} Bxc4 {[%clk 0:25:11]} 45. Rd1
{[%clk 0:20:36]} Rb3+ {[%clk 0:23:45]} 46. Kd2 {[%clk 0:19:34]} Ra3 {[%clk
0:23:27]} 47. Rg1 {[%clk 0:17:54]} Bxd5 {[%clk 0:16:38]} 48. g4 {[%clk 0:17:56]}
fxg4 {[%clk 0:15:41]} 49. hxg4 {[%clk 0:18:19]} Kf7 {[%clk 0:13:33]} 50. g5
{[%clk 0:18:08]} Bg7 {[%clk 0:13:37]} 51. f5 {[%clk 0:18:34]} gxf5 {[%clk
0:12:52]} 52. Bxf5 {[%clk 0:17:43]} Ra1 {[%clk 0:12:09]} 53. Bb1 {[%clk 0:16:17]}
Rxb1 {[%clk 0:11:50]} 54. Rxb1 {[%clk 0:16:39]} Be4 {[%clk 0:12:08]} 55. Rf1+
{[%clk 0:16:24]} Kg8 {[%clk 0:11:36]}  0-1

[Event "British Chess Championships 2023: Major Open"]
[Site "The Venue, De Montfort University, 20 Western Boulevard, Leicester, LE2 7BU"]
[Date "2023.07.26"]
[Round "5"]
[Board "3"]
[White "Clarke, Brandon Gi"]
[Black "Gopakumar, Siddharth"]
[Result "1-0"]
[WhiteElo "2486"]
[BlackElo "1888"]
[PlyCount "0"]
[EventDate "2023.07.22"]
[EventRounds "9"]
[EventCountry "ENG"]

1. g3 {[%clk 1:30:36]} d5 {[%clk 1:30:11]} 2. Bg2 {[%clk 1:31:01]} g6 {[%clk
1:30:20]} 3. Nf3 {[%clk 1:30:48]} Bg7 {[%clk 1:30:42]} 4. d4 {[%clk 1:28:54]} Nf6
{[%clk 1:30:43]} 5. c4 {[%clk 1:28:04]} c6 {[%clk 1:30:20]} 6. Nc3 {[%clk
1:27:58]} Ne4 {[%clk 1:19:51]} 7. Qb3 {[%clk 1:24:02]} O-O {[%clk 1:13:05]} 8.
O-O {[%clk 1:23:57]} dxc4 {[%clk 0:57:54]} 9. Qxc4 {[%clk 1:24:10]} Nxc3 {[%clk
0:58:11]} 10. bxc3 {[%clk 1:24:23]} Qd5 {[%clk 0:58:32]} 11. Qb4 {[%clk 1:23:46]}
Qd6 {[%clk 0:53:12]} 12. Qb3 {[%clk 1:23:40]} Nd7 {[%clk 0:49:24]} 13. a4 {[%clk
1:16:23]} c5 {[%clk 0:43:17]} 14. a5 {[%clk 1:15:03]} e5 {[%clk 0:37:19]} 15. Ba3
{[%clk 1:12:42]} Qc7 {[%clk 0:32:31]} 16. Qd5 {[%clk 1:06:48]} Rd8 {[%clk
0:28:05]} 17. Ng5 {[%clk 1:01:26]} Nf8 {[%clk 0:24:04]} 18. Qxc5 {[%clk 1:01:24]}
Qxc5 {[%clk 0:24:25]} 19. dxc5 {[%clk 1:01:09]} h6 {[%clk 0:19:26]} 20. Ne4
{[%clk 1:00:42]} f5 {[%clk 0:19:48]} 21. Nd6 {[%clk 1:00:01]} e4 {[%clk 0:20:09]}
22. Bb4 {[%clk 0:59:56]} Rb8 {[%clk 0:19:23]} 23. f3 {[%clk 1:00:05]} exf3 {[%clk
0:17:47]} 24. Bxf3 {[%clk 1:00:34]} Ne6 {[%clk 0:17:51]} 25. h4 {[%clk 0:51:02]}
Be5 {[%clk 0:15:06]} 26. Kg2 {[%clk 0:49:46]} Nxc5 {[%clk 0:14:08]} 27. Bxc5
{[%clk 0:48:51]} Bxd6 {[%clk 0:12:04]} 28. Rfd1 {[%clk 0:49:14]} Bc7 {[%clk
0:12:18]} 29. Rxd8+ {[%clk 0:49:42]} Bxd8 {[%clk 0:12:42]} 30. Bd6 {[%clk
0:50:10]} Ra8 {[%clk 0:13:04]} 31. a6 {[%clk 0:50:37]}  1-0

[Event "British Chess Championships 2023: Major Open"]
[Site "The Venue, De Montfort University, 20 Western Boulevard, Leicester, LE2 7BU"]
[Date "2023.07.26"]
[Round "5"]
[Board "4"]
[White "Salmons, Calum"]
[Black "Verma, Aditya"]
[Result "0-1"]
[WhiteElo "1977"]
[BlackElo "2138"]
[PlyCount "0"]
[EventDate "2023.07.22"]
[EventRounds "9"]
[EventCountry "ENG"]

1. d4 {[%clk 1:30:56]} d5 {[%clk 1:30:57]} 2. Bf4 {[%clk 1:31:19]} Nf6 {[%clk
1:31:18]} 3. e3 {[%clk 1:31:34]} e6 {[%clk 1:31:42]} 4. Nf3 {[%clk 1:31:17]} Bd6
{[%clk 1:32:06]} 5. Bg3 {[%clk 1:31:19]} O-O {[%clk 1:32:19]} 6. Nbd2 {[%clk
1:31:03]} c5 {[%clk 1:32:30]} 7. c3 {[%clk 1:31:15]} Qc7 {[%clk 1:32:20]} 8. Ne5
{[%clk 1:24:51]} b6 {[%clk 1:28:53]} 9. f4 {[%clk 1:21:24]} a5 {[%clk 1:26:46]}
10. Bh4 {[%clk 1:17:46]} Nbd7 {[%clk 1:22:11]} 11. g4 {[%clk 1:10:35]} Ba6 {[%clk
1:16:08]} 12. g5 {[%clk 1:04:27]} Ne8 {[%clk 1:15:42]} 13. Bh3 {[%clk 0:59:42]}
Nxe5 {[%clk 1:05:43]} 14. fxe5 {[%clk 0:49:06]} Be7 {[%clk 1:05:58]} 15. Qg4
{[%clk 0:47:36]} Bd3 {[%clk 0:58:57]} 16. Bf1 {[%clk 0:40:20]} Bf5 {[%clk
0:56:32]} 17. Qg2 {[%clk 0:39:19]} Qc6 {[%clk 0:51:48]} 18. Be2 {[%clk 0:33:48]}
b5 {[%clk 0:48:42]} 19. O-O {[%clk 0:31:22]} Nc7 {[%clk 0:46:05]} 20. Nf3 {[%clk
0:28:06]} Qd7 {[%clk 0:43:00]} 21. Rfd1 {[%clk 0:25:45]} b4 {[%clk 0:34:35]} 22.
c4 {[%clk 0:23:51]} Be4 {[%clk 0:32:48]} 23. b3 {[%clk 0:23:23]} a4 {[%clk
0:32:12]} 24. Bd3 {[%clk 0:18:34]} axb3 {[%clk 0:29:19]} 25. Bxe4 {[%clk
0:18:42]} dxe4 {[%clk 0:29:43]} 26. Nd2 {[%clk 0:17:08]} Rxa2 {[%clk 0:25:48]}
27. Qxe4 {[%clk 0:12:27]} Qa4 {[%clk 0:20:34]} 28. Qb1 {[%clk 0:12:28]} Qa3
{[%clk 0:09:46]} 29. Nxb3 {[%clk 0:10:12]} Rxa1 {[%clk 0:10:10]} 30. Nxa1 {[%clk
0:09:56]} Qxe3+ {[%clk 0:10:38]} 31. Bf2 {[%clk 0:09:44]} Qxg5+ {[%clk 0:10:59]}
32. Kh1 {[%clk 0:09:50]} cxd4 {[%clk 0:11:06]} 33. Bxd4 {[%clk 0:07:52]} Qf4
{[%clk 0:09:55]} 34. Nb3 {[%clk 0:06:40]} Ra8 {[%clk 0:07:53]} 35. Rf1 {[%clk
0:05:22]} Qg4 {[%clk 0:07:46]} 36. Qc2 {[%clk 0:03:53]} Ra3 {[%clk 0:05:24]} 37.
Bb6 {[%clk 0:02:41]} Qh3 {[%clk 0:04:37]} 38. Qf2 {[%clk 0:02:45]} Qf5 {[%clk
0:02:47]} 39. Qg2 {[%clk 0:01:01]} Qg6 {[%clk 0:02:09]} 40. Qb7 {[%clk 0:00:42]}
Rxb3 {[%clk 0:01:15]} 41. Bxc7 {[%clk 0:10:27]} h5 {[%clk 0:26:49]} 42. Bd6
{[%clk 0:09:24]} Bg5 {[%clk 0:26:15]} 43. c5 {[%clk 0:07:19]} Be3 {[%clk
0:20:29]} 44. Qc6 {[%clk 0:03:09]} Rb1 {[%clk 0:19:08]} 45. Qe8+ {[%clk 0:03:35]}
Kh7 {[%clk 0:19:29]} 46. Rxb1 {[%clk 0:03:53]} Qxb1+ {[%clk 0:19:50]} 47. Kg2
{[%clk 0:04:21]} Qe4+ {[%clk 0:19:59]}  0-1